000 00587cam a2200217 4500500
005 20260405003501.0
041 _afre
042 _adc
100 1 0 _aLarmagnac-Matheron, Octave
_eauthor
245 0 0 _a7 %
260 _c2022.
500 _a33
690 _aDisparition
690 _aEnfance
690 _aEnfant
690 _aFrance
690 _aMort
690 _aSouffrance
786 0 _nPhilosophie magazine | 158 | 4 | 2022-04-01 | p. 9-9 | 1951-1787
856 4 1 _uhttps://shs.cairn.info/magazine-philosophie-magazine-2022-4-page-9?lang=fr&redirect-ssocas=7080
999 _c2067996
_d2067996